000 00363nam a2200145 i 4500
001 bg
100 1 _aLEBIEDZIŃSKA, Maria
245 0 _aPodstawowe pojęcia techniki w języku niemieckim /
_cMaria Lebiedzińska.
250 _aWyd.2.
260 _aKielce,
_c1980.
040 _cBPK
041 _apol
942 _cKS
008 s pl f |000 0 pol
999 _c20413
_d20413
856 _uhttp://koha.tu.koszalin.pl/cgi-bin/koha/opac-detail.pl?biblionumber=20413
_yKatalog online BPK